Biggest Cities in Portugal on a Map - Statistics

General Stats
  • This quiz has been taken 613 times
  • The average score is 6 of 10
Answers on the Map
Answers color-coded by a green-red scale on the quiz's map according to % correct below.
 
Answer Stats
Population City % Correct
552,700 Lisbon
100%
237,591 Porto
99%
136,885 Braga
75%
105,842 Coimbra
68%
111,541 Funchal
68%
98,131 Setúbal
52%
186,502 Vila Nova de Gaia
48%
175,136 Amadora
42%
96,404 Almada
29%
79,805 Agualva-Cacém
17%
No matching quizzes found
Score Distribution
Percent of People with Each Score
Percentile by Number Answered
Your Score History
You have not taken this quiz